Precautionary Savings in a Small Open Economy Revisited /

A common assumption in standard economic models is that agents are risk-averse and prudent, and it is often argued that prudence is necessary to generate precautionary savings. This paper shows that prudence is not necessary to generate precautionary savings in small open economy models with more th...

Full description

Bibliographic Details
Main Author: Roitman, Agustin
Format: Journal
Language:English
Published: Washington, D.C. : International Monetary Fund, 2011.
Series:IMF Working Papers; Working Paper ; No. 2011/253
Subjects:
Online Access:Full text available on IMF
LEADER 01922cas a2200253 a 4500
001 AALejournalIMF011362
008 230101c9999 xx r poo 0 0eng d
020 |c 5.00 USD 
020 |z 9781463923358 
022 |a 1018-5941 
040 |a BD-DhAAL  |c BD-DhAAL 
100 1 |a Roitman, Agustin. 
245 1 0 |a Precautionary Savings in a Small Open Economy Revisited /  |c Agustin Roitman. 
264 1 |a Washington, D.C. :  |b International Monetary Fund,  |c 2011. 
300 |a 1 online resource (23 pages) 
490 1 |a IMF Working Papers 
500 |a <strong>Off-Campus Access:</strong> No User ID or Password Required 
500 |a <strong>On-Campus Access:</strong> No User ID or Password Required 
506 |a Electronic access restricted to authorized BRAC University faculty, staff and students 
520 3 |a A common assumption in standard economic models is that agents are risk-averse and prudent, and it is often argued that prudence is necessary to generate precautionary savings. This paper shows that prudence is not necessary to generate precautionary savings in small open economy models with more than two periods. A new class of preferences, which enables the isolation of the effect of risk aversion on precautionary savings, is introduced. The effects of changes in risk aversion, interest rates, and persistence and volatility of shocks on average asset holdings are qualitatively identical to the ones observed for standard constant-elasticity-of-substitution preferences. These results show that the almost universal assertion in the literature - that only prudent consumers can generate positive levels of precautionary savings - is simply incorrect. 
538 |a Mode of access: Internet 
651 7 |a Mexico  |2 imf 
830 0 |a IMF Working Papers; Working Paper ;  |v No. 2011/253 
856 4 0 |z Full text available on IMF  |u http://elibrary.imf.org/view/journals/001/2011/253/001.2011.issue-253-en.xml  |z IMF e-Library